Estudio biológico pesquero en aguas bajas de los ríos Duda, Guayabero y sus tributarios en el P.N.N. La Macarena (Registro nro. 1593)

Detalles MARC
000 -CABECERA
Campo de control 01103nam a2200313 a 4500
005 - FECHA Y HORA DE LA ULTIMA TRANSACCION
Campo de control 20200104041522.0
008 - ELEMENTOS DE LONGITUD FIJA—INFORMACION GENERAL
Campo de control 140303b1993 ck a gr|||| 00| 0 spa d
040 ## - FUENTE DE CATALOGACIÓN
Agencia catalogadora original CO-BoIAVH
Agencia transcriptora CO-BoIAVH
041 ## - IDIOMA
Código de idioma para texto/pista de sonido o título separado Español
044 ## - PAÍS DE PUBLICACIÓN
País de publicación Colombia
082 ## - NUMERO DE CLASIFICACION DECIMAL DEWEY
Número de clasificación 639.2
Número del ítem M71e
100 1# - ASIENTO PRINCIPAL--NOMBRE PERSONAL
Nombre personal Molano Rueda, Fernando
245 1# - MENCION DE TITULO
Título Estudio biológico pesquero en aguas bajas de los ríos Duda, Guayabero y sus tributarios en el P.N.N. La Macarena
260 ## - PUBLICACION, DISTRIBUCION, ETC. (PIE DE IMPRENTA)
Lugar de publicación, distribución, etc. Bogotá
Nombre del editor, distribuidor, etc. INDERENA
-- Corpos
Fecha de publicación, distribución, etc. 1993
300 ## - DESCRIPCION FISICA
Extensión 80 paginas.
Otros detalles físicos ilustraciones.;
Dimensiones 22 x 28 cm.
650 #4 - ASIENTO SECUNDARIO DE MATERIA - TERMINO TEMATICO
Término temático o nombre geográfico como elemento de entrada Biología
650 #4 - ASIENTO SECUNDARIO DE MATERIA - TERMINO TEMATICO
Término temático o nombre geográfico como elemento de entrada Peces
650 #6 - ASIENTO SECUNDARIO DE MATERIA - TERMINO TEMATICO
Término temático o nombre geográfico como elemento de entrada Pesca
650 #4 - ASIENTO SECUNDARIO DE MATERIA - TERMINO TEMATICO
Término temático o nombre geográfico como elemento de entrada Comercio de especies
650 #4 - ASIENTO SECUNDARIO DE MATERIA - TERMINO TEMATICO
Término temático o nombre geográfico como elemento de entrada Manejo de fauna
650 #6 - ASIENTO SECUNDARIO DE MATERIA - TERMINO TEMATICO
Término temático o nombre geográfico como elemento de entrada actividades económicas
662 ## - ASIENTO SECUNDARIO DE MATERIA - JERARQUIA DEL NOMBRE DE LUGAR(
País o entidad mayor Colombia
Jurisdicción política intermedia Parque Nacional Natural La Macarena
Jurisdicción política de primer orden Amazonas
662 ## - ASIENTO SECUNDARIO DE MATERIA - JERARQUIA DEL NOMBRE DE LUGAR(
País o entidad mayor Colombia
Jurisdicción política intermedia Río Duda
Jurisdicción política de primer orden Meta y Guaviare
662 ## - ASIENTO SECUNDARIO DE MATERIA - JERARQUIA DEL NOMBRE DE LUGAR(
País o entidad mayor Colombia
Jurisdicción política intermedia Parque Nacional Natural Tinigua
Jurisdicción política de primer orden Amazonas
662 ## - ASIENTO SECUNDARIO DE MATERIA - JERARQUIA DEL NOMBRE DE LUGAR(
País o entidad mayor Colombia
Jurisdicción política intermedia Río Guayabero
Jurisdicción política de primer orden Meta y Guaviare
700 1# - ASIENTO SECUNDARIO - NOMBRE PERSONAL
Nombre personal Vargas Torres, Hector
700 1# - ASIENTO SECUNDARIO - NOMBRE PERSONAL
Nombre personal Mayorga G., Marcela
942 ## - ELEMENTOS ADICIONALES (KOHA)
Tipo de ítem Libro
Sistema de clasificación Dewey Decimal Classification
Existencias
Withdrawn status Lost status Sistema de Clasificación Damaged status No para préstamo Colección Inventariado Ubicación Permanente Ubicación actual Fecha de adquisición Fuente de Valor Valor Total Checkouts Número topográfico Inventario / Código de Barras Date last seen Ejemplar Price effective from Forma de adquisición Tipo de material
    Dewey Decimal Classification     General Inventariado 2017 Bogotá Bogotá 12/04/2000 Instituto 39000.00   LB-639.2 M71e 002183 04/12/2012 Ej. 1 04/12/2012   Libro